00500 2200157 4500001002100000005001500021035002000036007000300056008003900059082000700098084001300105100002400118245014000142260004500282990001500327INLIS00000000000488020250109023422 a0010-0125000587ta250109 | | |  a71 a71 FRA u0 aFranadilla Cahayani1 aUji Iritasi Sediaan Lip Balm Ekstrak Bunga Karamunting (Melastoma Malabathricum L.) Pada Kelinci Coba Non Insisi /cFranadilla Cahayani aPalangkaraya :bPerpustakaan UMPR,c2022 a1971021002